Dom v slnku

Zamyslenie nad myšlienkami a etickým posolstvom knihy Dom v slnku [švédsky Ett hem, 1899; v nemčine pod názvom Das Haus in der Sonne, 1909], ktorej autorom textovej časti i ilustrácií je švédsky maliar Larsson (28.5.1853 Stockholm - 22.1.1919 Falun)

Bibliographic Details
Main Author: Zochová, M. (Author)
Format: Article
Language:Slovak
Subjects:

MARC

LEADER 00000nab a22000001a 4500
001 vtls009288780
003 SK-MaSNL
005 20260304011906.0
008 080423d192903 xo |r|p|||| |000 b|slo
015 |a SNBRRBVU1918-1938 
038 |a SNKBUCL 
038 |a SNKBUVU 
040 |a SNKBUVU  |b slo  |c SNKBUCL  |e AACR2 
041 0 |a slo 
044 |a xo  |c SK 
080 |a 75.071.1  |2 1997 
080 |a 821.113.6  |2 1997 
100 1 |a Zochová, M.  |4 aut  |9 1251506 
245 1 0 |a Dom v slnku  |c M. Zochová 
520 |a Zamyslenie nad myšlienkami a etickým posolstvom knihy Dom v slnku [švédsky Ett hem, 1899; v nemčine pod názvom Das Haus in der Sonne, 1909], ktorej autorom textovej časti i ilustrácií je švédsky maliar Larsson (28.5.1853 Stockholm - 22.1.1919 Falun) 
600 1 7 |a Larsson, Carl,  |d 1853-1919  |t Dom v slnku  |2 MM  |9 1291137 
650 0 7 |a švédske maliarstvo  |2 MM  |9 83722 
650 0 7 |a knižné ilustrácie  |2 snkbucl  |9 2742 
650 0 7 |a švédska literatúra  |2 MM  |9 1212 
655 7 |a úvahy  |2 MM  |9 29403 
773 0 |t Nový rod  |g Roč. 8, č. 7 (1929), s. 161-163 
852 |a SNK  |b KIS3GCP 
910 |a snkrbvumm 
958 |a VY 
999 |c 2568521  |d 2570451